Telč : historické město jižní Moravy /

Hlavní autor: Kratinová, Vlasta, 1920-2005
Korporativní autor: Telč (Česko). Městský úřad
Další autoři: Samek, Bohumil, 1932-2022, Stehlík, Miloš, 1923-2020, Vácha, Pavel, 1940-2021, Paul, Alexandr, ml., 1947-
Jazyk: Čeština
Vydáno: Praha : Odeon, 1992
Vydání: Vydání první
Edice: Památky. Městské památkové rezervace
Témata:
Externí odkaz: Digitalizovaný dokument
Fyzický popis: 187 stran : ilustrace (některé barevné), mapy, portréty, plány ; 21 cm
Knihy
Uloženo v:
LEADER 02317nam a22005412i 4500
001 000023014
003 CZ BrMZK
005 20260205135233.0
007 ta
008 030404s1992 xr abc e |||| 0 cze d
015 |a cnb000069116 
020 |a 80-207-0381-0  |q (vázáno) 
035 |a (OCoLC)31702307 
040 |a ABA001  |b cze  |d ABD064  |d BOA001  |e rda 
043 |a e-xr---  |b e-xr-vy  |2 czenas 
072 7 |a 72  |x Architektura  |2 Konspekt  |9 21 
080 |a 72:904  |2 MRF 
080 |a (437.324)  |2 MRF 
080 |a (084.12)  |2 MRF 
100 1 |a Kratinová, Vlasta,  |d 1920-2005  |7 mzk2003200027  |4 aut 
245 1 0 |a Telč :  |b historické město jižní Moravy /  |c Vlasta Kratinová, Bohumil Samek, Miloš Stehlík ; fotografoval Pavel Vácha a Alexandr Paul 
250 |a Vydání první 
264 1 |a Praha :  |b Odeon,  |c 1992 
300 |a 187 stran :  |b ilustrace (některé barevné), mapy, portréty, plány ;  |c 21 cm 
336 |a text  |b txt  |2 rdacontent 
337 |a bez média  |b n  |2 rdamedia 
338 |a svazek  |b nc  |2 rdacarrier 
490 1 |a Památky. Městské památkové rezervace ;  |v 39. svazek 
504 |a Obsahuje bibliografii a rejstřík 
550 |a Vydavatel: Městský úřad v Telči 
650 0 7 |a architektonické památky  |7 ph118585  |z Česko  |2 czenas 
650 0 9 |a architectural monuments  |z Czechia  |2 eczenas 
651 7 |a Telč (Česko)  |7 ge131052  |2 czenas 
651 9 |a Telč (Czechia)  |2 eczenas 
655 7 |a fotografické publikace  |7 fd132276  |2 czenas 
655 9 |a photographical works  |2 eczenas 
700 1 |a Samek, Bohumil,  |d 1932-2022  |7 jk01110371  |4 aut 
700 1 |a Stehlík, Miloš,  |d 1923-2020  |7 jk01121012  |4 aut 
700 1 |a Vácha, Pavel,  |d 1940-2021  |7 jn19981002370  |4 pht 
700 1 |a Paul, Alexandr,  |c ml.,  |d 1947-  |7 jn99240000840  |4 pht 
710 1 |a Telč (Česko).  |b Městský úřad  |7 ko2004233366  |4 isb 
830 0 |a Památky.  |p Městské památkové rezervace  |0 s 
856 4 1 |u http://www.digitalniknihovna.cz/mzk/uuid/uuid:885e1c50-6820-11e6-9747-005056827e52  |y Digitalizovaný dokument  |x NDK 
910 |a BOA001  |b PK-0118.119  |b 2-0983.103 
920 |a 000100309 
990 |a BK 
996 6 |b 2619988047  |c 2-0983.103  |l MZK  |r Sklad / do 1 hodiny  |n 19  |w 000023014  |u 000020  |a 1  |e BOA001  |j MZK50  |s P 
996 7 |b 3119999891  |c PK-0118.119  |l MZK  |r Sklad / do 1 hodiny  |n 56  |w 000023014  |u 000010  |a 1  |e BOA001  |j MZK50  |s A